| 000 | 01839nam a22004690a 4500 | ||
|---|---|---|---|
| 001 | PT14929 | ||
| 003 | AR-LpoUNG | ||
| 005 | 20210516202707.0 | ||
| 008 | 191001s2000||||pe |||||||||||||||||spa d | ||
| 020 |
_a9972618485 _c$45 |
||
| 040 |
_aAR-LpoUNG _bspa _cAR-LpoUNG _eaacr |
||
| 041 | _aspa | ||
| 044 | _ape | ||
| 082 | 0 | _a372.1 184edu | |
| 111 | 2 | _aSeminario internacional Educación primaria al final de la década: políticas curriculares en el Perú y los países andinos, Lima, 3-5 marzo 1999 | |
| 245 | 1 | 0 |
_aEducación primaria al final de la década : _bpolíticas curriculares en el Perú y los países andinos |
| 250 | _a1º edición | ||
| 260 |
_aLima : _bTarea, _c2000. |
||
| 300 |
_a293 p. : _bgráfs. |
||
| 520 | _aEste libro recoge los temas tratados en el seminario mencionado. Los paneles, las conferencias y los talleres del seminario se orientaron a reunir información teórica y práctica sobre las políticas curriculares en el Perú y los países andinos; a realizar un balance de la década en la región andina, a la luz del contexto mundial; y a valorar el aporte de la sociedad civil en los procesos de innovación. | ||
| 650 | 4 | _aAMERICA LATINA | |
| 650 | 4 | _aBOLIVIA | |
| 650 | 4 | _aCALIDAD DE LA EDUCACION | |
| 650 | 4 | _aCHILE | |
| 650 | 4 | _aCOLOMBIA | |
| 650 | 4 | _aDESARROLLO DE LA EDUCACION | |
| 650 | 4 | _aECUADOR | |
| 650 | 4 | _aEDUCACION BASICA | |
| 650 | 4 | _aENSEÑANZA PRIMARIA | |
| 650 | 4 | _aINVESTIGACION EDUCATIVA | |
| 650 | 4 | _aPERU | |
| 650 | 4 | _aPOLITICA EDUCATIVA | |
| 650 | 4 | _aREFORMAS DE LA EDUCACION | |
| 650 | 4 | _aRELACIONES ESCUELA COMUNIDAD | |
| 650 | 4 | _aSEMINARIOS | |
| 650 | 4 | _aSISTEMAS DE ENSENANZA | |
| 651 | 4 | _aAmérica Latina | |
| 710 | 2 | _aTarea (firma comercial : Lima) | |
| 710 | 2 | _aTarea (firma comercial : Lima) | |
| 905 | _a14929 | ||
| 942 | _cLIB | ||
| 999 |
_c57206 _d57206 |
||